Přenosné počítače Laptopy, notebooky, palmtopy, handheldy, penbooky

Salvato in:
Dettagli Bibliografici
Autore principale: Hyan, Jaroslav Tomáš
Natura: Libro
Lingua:ceco
Pubblicazione: Praha Grada 1993
Edizione:1. vyd.
Soggetti:
Tags: Aggiungi Tag
Nessun Tag, puoi essere il primo ad aggiungerne!!

MARC

LEADER 00000nam a2200000 4500
001 c003622
005 20221214082734.6
020 |a 80-85623-04-8 
041 0 |a cze 
044 |a CZ 
245 1 0 |a Přenosné počítače  |b Laptopy, notebooky, palmtopy, handheldy, penbooky  |c Jaroslav Tomáš Hyan 
250 |a 1. vyd. 
264 1 |a Praha  |b Grada  |c 1993 
300 |a 309 s. 
610 2 0 |a počítače 
610 2 0 |a využitie počítačov 
610 2 0 |a programy počítačové 
610 2 0 |a dáta 
610 2 0 |a ochrana dát 
610 2 0 |a hardvér 
610 2 0 |a systémy operačné 
610 2 0 |a kompatibilita počítačov 
100 1 |a Hyan, Jaroslav Tomáš